<?xml version="1.0" encoding="UTF-8"?>
<record
    xmlns:xsi="http://www.w3.org/2001/XMLSchema-instance"
    xsi:schemaLocation="http://www.loc.gov/MARC21/slim http://www.loc.gov/standards/marcxml/schema/MARC21slim.xsd"
    xmlns="http://www.loc.gov/MARC21/slim">

  <leader>03464nam a22003617i 4500</leader>
  <controlfield tag="003">OSt</controlfield>
  <controlfield tag="005">20251126161644.0</controlfield>
  <controlfield tag="008">251126e2022    mx|o|||gr|||| 00| 0 spa d</controlfield>
  <datafield tag="020" ind1=" " ind2=" ">
    <subfield code="a">97860799079907211</subfield>
  </datafield>
  <datafield tag="040" ind1=" " ind2=" ">
    <subfield code="b">spa</subfield>
    <subfield code="c">MNU</subfield>
  </datafield>
  <datafield tag="041" ind1=" " ind2=" ">
    <subfield code="a">spa</subfield>
  </datafield>
  <datafield tag="082" ind1="0" ind2="4">
    <subfield code="a">709.810.904</subfield>
    <subfield code="b">B622f</subfield>
  </datafield>
  <datafield tag="100" ind1="1" ind2=" ">
    <subfield code="a">Biskupovic, Ignacia</subfield>
    <subfield code="e">editora</subfield>
    <subfield code="e">traductora</subfield>
  </datafield>
  <datafield tag="245" ind1="1" ind2="0">
    <subfield code="a">Frederico Morais : </subfield>
    <subfield code="b">textos cr&#xED;ticos 1968-1975 / </subfield>
    <subfield code="c">editado y traducido por el Grupo de domingos.</subfield>
  </datafield>
  <datafield tag="260" ind1=" " ind2=" ">
    <subfield code="a">M&#xE9;xico : </subfield>
    <subfield code="b">Taller de Ediciones Econ&#xF3;micas : </subfield>
    <subfield code="b">Instituto Mesa, </subfield>
    <subfield code="c">2022.</subfield>
  </datafield>
  <datafield tag="300" ind1=" " ind2=" ">
    <subfield code="a">192p : </subfield>
    <subfield code="b">fotograf&#xED;as, </subfield>
    <subfield code="c">18.5 cm</subfield>
  </datafield>
  <datafield tag="490" ind1="0" ind2=" ">
    <subfield code="a">Archivo</subfield>
    <subfield code="v">3</subfield>
  </datafield>
  <datafield tag="500" ind1=" " ind2=" ">
    <subfield code="a">Proyecto realizado gracias al apoyo de Fundaci&#xF3;n Jumex Arte Contempor&#xE1;neo y colaboraci&#xF3;n de TEOR/&#xE9;Tica y Museo de la Solidaridad Salvador Allende. </subfield>
  </datafield>
  <datafield tag="505" ind1=" " ind2=" ">
    <subfield code="a">Jessica Cogan. Frederico Morais. En la creaci&#xF3;n todo se funde. -- Apocalipop&#xF3;tesis en el Aterro. El arte de vanguardia es llevado al pueblo (26 de julio, 1968). -- Un laboratorio de vanguardia (15 de octubre, 1969). -- Carta inaugural de la Unidad Experimental (1969). -- Contra el arte afluente. El cuerpo es el motor de la "obra" (enero/febrero 1970). -- Plan piloto de la ciudad l&#xFA;dica del futuro (6 de julio, 1970). -- Cr&#xED;ticas y cr&#xED;ticos (1970). -- Nueva cr&#xED;tica (1970). -- Un domingo de papel (23 de enero, 1971). -- El reportero de la creaci&#xF3;n (30 de marzo, 1971). -- El museo y la reeducaci&#xF3;n del hombre (2 de abril, 1971). -- La creatividad liberada: Domingo terra a terra (27 de abril, 1971). -- La creatividad de mayo y los Domingos da Cria&#xE7;&#xE3;o del MAM (1 de julio, 1972). -- El arte es organizaci&#xF3;n (1 de julio, 1972). -- Dos a&#xF1;os despu&#xE9;s (23 de diciembre, 1972). --  Un chapuz&#xF3;n: el cr&#xED;tico se convierte en artista (1975). -- El arte no le pertenece a nadie. Conversaci&#xF3;n entre Mar&#xED;lia Andr&#xE9;s Ribeiro y Frederico Morais. </subfield>
  </datafield>
  <datafield tag="520" ind1="3" ind2=" ">
    <subfield code="a">En 1971, el curador y cr&#xED;tico de arte Frederico Morais organiz&#xF3; los Domingos da Cria&#xE7;&#xE3;o, una serie de happenings participativos en el Museu de Arte Moderna do Rio de Janeiro, en medio de los cambios radicales experimentados en el arte y la cultura en plena dictadura militar en Brasil. Arte, educaci&#xF3;n, celebraci&#xF3;n, protesta... todo esto y nada de esto. Al abrazar los procesos colectivos, las pr&#xE1;cticas h&#xED;bridas y las relaciones din&#xE1;micas entre los artistas y los diferentes p&#xFA;blicos, estos ejercicios experimentales dirigidos a la libertad po&#xE9;tica y pol&#xED;tica contaron con la asistencia de miles de participantes y fueron ampliamente difundidos en la prensa. El proyecto fue poco estudiado en el contexto brasile&#xF1;o y pr&#xE1;cticamente desconocido a nivel internacional. La publicaci&#xF3;n de estos textos contribuye al proceso de revisi&#xF3;n de la historia del arte occidental contempor&#xE1;neo al reformular las jerarqu&#xED;as centro/periferia de la neovanguardia hacia modernismos m&#xE1;s plurales y formas colectivas e h&#xED;bridas de agencia creativa.</subfield>
  </datafield>
  <datafield tag="650" ind1="0" ind2="4">
    <subfield code="a">Cr&#xED;tica de arte</subfield>
  </datafield>
  <datafield tag="650" ind1="0" ind2="4">
    <subfield code="a">Arte y espacio p&#xFA;blico</subfield>
  </datafield>
  <datafield tag="650" ind1="0" ind2="4">
    <subfield code="a">Educaci&#xF3;n</subfield>
  </datafield>
  <datafield tag="650" ind1="0" ind2="4">
    <subfield code="a">Comunidades</subfield>
  </datafield>
  <datafield tag="650" ind1="0" ind2="4">
    <subfield code="a">Arte brasile&#xF1;o</subfield>
  </datafield>
  <datafield tag="700" ind1="1" ind2=" ">
    <subfield code="a">Cervetto, Renata</subfield>
    <subfield code="e">editora</subfield>
    <subfield code="e">traductora</subfield>
  </datafield>
  <datafield tag="700" ind1="1" ind2=" ">
    <subfield code="a">Cogan, Jessica</subfield>
    <subfield code="e">editora</subfield>
    <subfield code="e">traductora</subfield>
  </datafield>
  <datafield tag="700" ind1="1" ind2=" ">
    <subfield code="a">Hoff, M&#xF3;nica</subfield>
    <subfield code="e">editora</subfield>
    <subfield code="e">traductora</subfield>
  </datafield>
  <datafield tag="700" ind1="1" ind2=" ">
    <subfield code="a">Malavassi, Lola</subfield>
    <subfield code="e">editora</subfield>
    <subfield code="e">traductora</subfield>
  </datafield>
  <datafield tag="700" ind1="1" ind2=" ">
    <subfield code="a">Pradilla, Nicol&#xE1;s</subfield>
    <subfield code="e">editor</subfield>
    <subfield code="e">traductor</subfield>
  </datafield>
  <datafield tag="700" ind1="1" ind2=" ">
    <subfield code="a">Richmond, Mariela</subfield>
    <subfield code="e">editora</subfield>
    <subfield code="e">traductora</subfield>
    <subfield code="9">1075</subfield>
  </datafield>
  <datafield tag="942" ind1=" " ind2=" ">
    <subfield code="2">ddc</subfield>
    <subfield code="c">1</subfield>
    <subfield code="h">709.810.904</subfield>
    <subfield code="i">B622f</subfield>
    <subfield code="n">0</subfield>
  </datafield>
  <datafield tag="999" ind1=" " ind2=" ">
    <subfield code="c">4570</subfield>
    <subfield code="d">4570</subfield>
  </datafield>
  <datafield tag="952" ind1=" " ind2=" ">
    <subfield code="0">0</subfield>
    <subfield code="1">0</subfield>
    <subfield code="2">ddc</subfield>
    <subfield code="4">0</subfield>
    <subfield code="7">0</subfield>
    <subfield code="8">Libros</subfield>
    <subfield code="a">LV</subfield>
    <subfield code="b">LV</subfield>
    <subfield code="d">2025-11-26</subfield>
    <subfield code="l">0</subfield>
    <subfield code="o">709.810.904 B622f</subfield>
    <subfield code="p">002596</subfield>
    <subfield code="r">2025-11-26 00:00:00</subfield>
    <subfield code="w">2025-11-26</subfield>
    <subfield code="y">1</subfield>
  </datafield>
</record>
